000 01151cam a2200349 i 4500
001 56850
003 Mx-PuUPA
005 20250714124025.0
008 140415s2017 mx gr 000 f spa d
020 _a9786072427167
020 _a9789687791777
_qColección Gran Angular
040 _cMx-PuUPA
_aMx-PuUPA
_bspa
_dMx-PuUPA
_erda
041 0 _aspa
100 1 _aCelis, Claudia,
_d1951-
_916183
_eautor
245 1 0 _aDonde habitan los ángeles /
_cClaudia Celis
250 _aDecimoprimera edición
264 1 _aCiudad de México :
_bSM de Ediciones,
_c2017
300 _a130 páginas ;
_c23 cm
336 _2rdacontent
_atexto
_btxt
337 _2rdamedia
_asin medio
_bn
338 _2rdacarrier
_avolumen
_bnc
490 0 _aColección Gran Angular ;
_v4
500 _aReimpresiones: (segunda reimpresión, 2019).
650 7 _2armarc
_aLiteratura mexicana
650 7 _2armarc
_aAmor
_xLiteratura juvenil
655 7 _2armarc
_aNovela mexicana
942 _2ddc
_cLI
_h863
_iC32
999 _c56850
_d56850